00970nas a2200253 i 4500003000500000005001700005008004100022022001400063040002500077245005600102264011400158300003000272336002100302337002500323338002100348362000900369504004000378650002900418650002800447650003900475942004500514952014000559999001700699CSPC20260427161130.0260427c2017 ph ar j 00 0 eng d a2545-9619 aCSPCbengcCSPCerda00aSorsogon state college book of abstracts 2017-2018. 1aSorsogon City : bOffice of Research, Extension and training Publication & Knowledge Management Unit, c2017. billustrations : c28 cm.  2rdacontentatext 2rdamediaaunmediated 2rdacarrieratext a2017 aIncludes bibliographical references 4aAbstractsxPeriodicals.  4aResearchxPeriodicals.  4aUniversity researchxPeriodicals.  2ddcn0cSERIALSh001.4iSo698kSERm2017 00102ddc4071aCSPCbCSPCcSERd2026-04-27h2017l0oSer EDUC 34 2017p01776Sr2026-04-27 16:16:36t1-1w2026-04-27ySERIALSzJournal c32413d32413